000 01269nam a2200289Ia 4500
005 20220316235450.0
008 121119s1981 sp a gr 000 0 spa
020 _a8425302501
041 0 _aspa
082 0 4 _aR 510.3
_bN28S
100 1 _aNewman, James R.
245 1 0 _aSigma, el mundo de las matemáticas
_bselección de textos matemáticos de todos los tiempos con notas y comentarios
_cJames R. Newman
250 _aPrimera edición
300 _a6 voluménes
_bilustraciones
_c22 cm
505 0 _av.1. Historia, biografías, Estudio general. -- v.2. Las matemáticas y el mundo físico. -- v.3 Las leyes de la probabilidad, estadísticas y la programación de los experimentos, matemáticas y ciencias sociales. -- v.4 Aritmética, números y arte de contar, matemáticas
650 1 4 _aEstadística matemática
_2LEMB
650 1 4 _aLógica matemática
_2LEMB
650 1 4 _aMatemáticas
_vDiccionarios, enciclopedias, etc.
_2LEMB
650 1 4 _aMatemáticas
_xEnseñanza elemental
_2LEMB
650 1 4 _aMatemáticas
_xHistoria
_2LEMB
942 _2ddc
_cBK
264 _aBarcelona
_bGrijalbo
_c1981
336 _atexto
_btxt
_2rdacontent
337 _asin mediación
_bn
_2rdamedia
338 _avolumen
_bnc
_2rdacarrier
040 _aCO-BoRNBP
_bspa
_erda
_cCO-BoRNBP
999 _c1040
_d1040